[Event "DSOL 06 Liga Gr-C 1st"]
[Site "Playchess.com INT"]
[Date "2020.08.10"]
[Round "2.1"]
[White "Lohmann, Tobias"]
[Black "Bock, Timothy"]
[Result "1-0"]
[WhiteElo "1649"]
[BlackElo "1654"]
[PlyCount "127"]
[EventDate "2020.06.22"]
[EventType "team-tourn (rapid)"]
[EventCountry "GER"]
[SourceTitle "EXT 2021"]
[Source "ChessBase"]
[SourceDate "2020.10.23"]
[SourceVersion "1"]
[SourceVersionDate "2020.10.23"]
[SourceQuality "1"]
[WhiteTeam "Vohwinkel"]
[BlackTeam "Horst Emscher II"]
[WhiteTeamCountry "GER"]
[BlackTeamCountry "GER"]

1. e4 e5 2. Nf3 Nc6 3. Bb5 Nf6 4. d3 d6 5. Bxc6+ bxc6 6. h3 Be7 7. 0-0 0-0 8. Nc3 a5 9. Na4 Ba6 10. c4 Nd7 11. Nc3 Re8 12. Be3 Rb8 13. Qc2 Bf8 14. Rfe1 h6 15. Bd2 Nb6 16. Na4 Nxa4 17. Qxa4 Rxb2 18. Bxa5 Bb7 19. Qa3 Rb6 20. Bxb6 cxb6 21. Qc3 g6 22. Rab1 d5 23. exd5 cxd5 24. cxd5 Bg7 25. Qb4 Bxd5 26. Qxb6 Bxa2 27. Qxd8 Rxd8 28. Rb5 Rxd3 29. Nxe5 Rc3 30. Rb8+ Kh7 31. Nxf7 Bxf7 32. Rb7 Bd5 33. Rd7 Bc6 34. Rc7 Kg8 35. Ree7 Bf8 36. Re6 Rc1+ 37. Kh2 Rd1 38. Rxg6+ Kh8 39. Rcxc6 Kh7 40. Rgf6 Rd8 41. Rc7+ Kh8 42. g3 Kg8 43. Rg6+ Kh8 44. Rf7 Ra8 45. Kg2 Rb8 46. Rxf8+ Rxf8 47. Rxh6+ Kg7 48. Ra6 Rb8 49. h4 Rb2 50. Ra4 Kg6 51. Rf4 Ra2 52. Kh3 Ra1 53. g4 Rh1+ 54. Kg3 Rg1+ 55. Kh2 Ra1 56. Rb4 Ra2 57. Rb6+ Kg7 58. Kg3 Ra3+ 59. f3 Ra1 60. Rb2 Kg6 61. h5+ Kg5 62. Rb5+ Kh6 63. Rb6+ Kg5 64. f4# 1-0